ბათუმის შოთა რუსთაველის სახელმწიფო უნივერსიტეტის ბიბლიოთეკა

მასალები აჭარული მუსიკალური ფოლკლორიდან / (ბიბ.ჩანაწერი № 38142)

000 -ლიდერი
ფიქსირებული სიგრძის საკონტროლო ველი 01219nam a2200253Ia 4500
001 - საკონტროლო ნომერი
საკონტროლო ველი 4132
003 - საკონტროლო ნომრის იდენტიფიკატორი
საკონტროლო ველი GE_BSU
005 - ბოლო ოპერაციის თარიღი და დრო
საკონტროლო ველი 20190927104400.0
008 - ფიქსირებული სიგრძის მონაცემთა ელემენტები - ზოგადი ინფორმაცია
ფიქსირებული სიგრძის საკონტროლო ველი 181216s1961||||ge |||||||||||||| ||geo||
040 ## - კატალოგიზაციის წყარო
Transcribing agency GE_BSU
041 ## - ენის კოდი
Language code of text/sound track or separate title geo
080 ## - უნივერსალური ათობითი კლასიფიკაციის ინდექსი
Universal Decimal Classification number 398(479.223)
100 ## - მთავარი ჩანაწერი - პიროვნების სახელი
Personal name ნოღაიდელი, ჯ.
9 (RLIN) 4344
245 ## - ცნობა სათაურის შესახებ
Title მასალები აჭარული მუსიკალური ფოლკლორიდან /
Statement of responsibility, etc ა. ინაიშვილი, ჯ. ნოღაიდელი, გრ. ჩხიკვაძე.
264 ## - წარმოების, გამოცემის, დისტრიბუციის და სხვა ცნობები
გამოცემის, წარმოების, დისტრიბუციის... ადგილი თბ. :
გამოცემის, წარმოების, დისტრიბუციის... სახელწოდება საქ. სსრ მეცნ. აკად. გამ-ბა.
გამოცემის, წარმოების, დისტრიბუციის... თარიღი 1961.
300 ## - ფიზიკური აღწერა
Extent 69 გვ. ;
Other physical details 26 სმ.
504 ## - BIBLIOGRAPHY, ETC. NOTE
Bibliography, etc ბიბლიოგრ. შენიშვნებში.
520 ## - SUMMARY, ETC.
Summary, etc რეზ. რუს. ენ.
653 ## - INDEX TERM--UNCONTROLLED
Uncontrolled term აჭარის მუსიკალური ფოლკლორი
700 ## - ADDED ENTRY--PERSONAL NAME
Personal name ნოღაიდელი, ჯ.
Relator term ავტორი
9 (RLIN) 4345
700 ## - ADDED ENTRY--PERSONAL NAME
Personal name ჩხიკვაძე, გრ.
Relator term ავტორი
9 (RLIN) 4346
710 ## - ADDED ENTRY--CORPORATE NAME
Corporate name or jurisdiction name as entry element საქ. სსრ მეცნ. აკად., ბათუმის სამეცნ.-კვლევ. ინ-ტი.
9 (RLIN) 4130
942 ## - ADDED ENTRY ELEMENTS (KOHA)
Koha item type წიგნი
Source of classification or shelving scheme
ეგზემპლარები
ჩამოწერის სტატუსი დაკარგული ეგზემპლარის სტატუსი კლასიფიკაციის წყარო ან თაროზე გაწყობის სქემა დაზიანების სტატუსი არ გაიცემა მუდმივი მდებარეობა (დაცვის ადგილი) ამჟამინდელი ადგილსამყოფელი თაროზე განთავსების ადგილი შეძენის თარიღი ღირებულება, შესყიდვის ნორმალური ფასი სრული შენახვის შიფრი შტრიხკოდი ბოლო ოპერაციის თარიღი ეგზემპლარის მიმდევრობითი ნომერი (კეტერი?) ფასის ძალაში შესვლის თარიღი ეგზემპლარის სახეობა საჯარო შენიშვნა
          ბათუმის შოთა რუსთაველის სახელმწიფო უნივერსიტეტის მთავარი ბიბლიოთეკა ბათუმის შოთა რუსთაველის სახელმწიფო უნივერსიტეტის მთავარი ბიბლიოთეკა წიგნსაცავი 2018-12-17 2.00 398(479.223) ი–53 5811 2018-12-17 5811 2018-12-17 წიგნი 2 ლ.
          ბათუმის შოთა რუსთაველის სახელმწიფო უნივერსიტეტის მთავარი ბიბლიოთეკა ბათუმის შოთა რუსთაველის სახელმწიფო უნივერსიტეტის მთავარი ბიბლიოთეკა წიგნსაცავი 2019-10-03 2.00 398(479.223) ი-53 5873 2019-10-03 5873 2019-10-03 წიგნი 2 ლ.